Expulsados del infierno el exilio de los misioneros Jesuitas de la península California, 1767-1768 /
সংরক্ষণ করুন:
| প্রধান লেখক: | |
|---|---|
| বিন্যাস: | বৈদ্যুতিক বৈদ্যুতিন গ্রন্থ |
| ভাষা: | স্প্যানিশ |
| প্রকাশিত: |
Madrid :
Consejo Superior de Investigaciones Científicas,
2008.
|
| মালা: | Digitalia eBook Collection: Editorial CSIC
|
| বিষয়গুলি: | |
| অনলাইন ব্যবহার করুন: | Digitalia Hispánica |
| ট্যাগগুলো: |
ট্যাগ যুক্ত করুন
কোনো ট্যাগ নেই, প্রথমজন হিসাবে ট্যাগ করুন!
|
MARC
| LEADER | 00000nam a2200000Ia 4500 | ||
|---|---|---|---|
| 001 | DIGCSIC0129 | ||
| 003 | NyNyDIG | ||
| 006 | m d | ||
| 007 | cr ||||||||||| | ||
| 008 | 130401s2008 sp ab ob 000 0 spa | ||
| 020 | |a 9788400095475 (electronic bk.) | ||
| 020 | |z 9788400086480 (pbk.) | ||
| 020 | |z 8400086481 (pbk.) | ||
| 040 | |a DGITA |b eng |e pn |c DGITA | ||
| 043 | |a nc----- |a n-mx--- | ||
| 050 | 0 | 0 | |a F1246 ebook |
| 100 | 1 | |a Bernabeu Albert, Salvador. | |
| 245 | 1 | 0 | |a Expulsados del infierno |h [electronic resource] : |b el exilio de los misioneros Jesuitas de la península California, 1767-1768 / |c Salvador Bernabéu Albert. |
| 260 | |a Madrid : |b Consejo Superior de Investigaciones Científicas, |c 2008. |e (New York, NY. : |f Digitalia Inc, |g 2012). | ||
| 300 | |a 1 online resource (197 p.) : |b ill., maps | ||
| 504 | |a Includes bibliographical references. | ||
| 506 | |a Access restricted to subscribing institutions. | ||
| 651 | 0 | |a Baja California (Mexico : Peninsula) |x History |y 18th century. | |
| 610 | 2 | 0 | |a Jesuits |z Mexico |z Baja California (Peninsula) |x History |y 18th century. |
| 610 | 2 | 0 | |a Jesuits |x Missions |z Mexico |z Baja California (Peninsula) |x History. |
| 655 | 0 | |a Electronic books. | |
| 791 | 2 | |a Digitalia (Firm), |e distributor. | |
| 830 | 0 | |a Digitalia eBook Collection: Editorial CSIC | |
| 856 | 4 | 0 | |3 Digitalia Hispánica |u https://digitalia.unach.elogim.com/a/18750/ |